Biología celular y molecular /

Guardado en:
Autor Principal: Lodish, Harvey
Formato: Libro
Publicado: Buenos Aires : Médica Panamericana, 2008
Edición:5a. ed.
Materias:
Etiquetas: Agregar Etiqueta
Sin Etiquetas, Sea el primero en etiquetar este registro!
LEADER 00967nam a22002055a 4500
001 CEM.cems017143
005 20110617093033.0
008 130507s2008##################000#0#####d
003 CEMS
020 |a 9789500613743 
082 0 4 |a 571.6 
100 1 |a Lodish, Harvey 
245 1 0 |a Biología celular y molecular /  |c Harvey Lodish [et Al.] ; supervición de La Traducción de Norma B. Sterin de Speziale y Norberto A. Vidal 
250 |a 5a. ed. 
260 |a Buenos Aires :  |b Médica Panamericana,  |c 2008 
300 |a 973 p. 
505 0 |a Bloque 1: Fundamentos químicos y moleculares -- Bloque 2: Organización celular y bioquímica -- Bloque 3: Genética y biología molecular -- Bloque 4: Señalización celular -- Bloque 5: Tránsito de membrana -- Bloque 6: Citoesqueleto -- Bloque 7: Ciclo celular y control de la proliferación celular 
653 |a Biología celular 
653 |a Biología molecular 
859 |a CEMS  |b BIB. CEMS - Agricultura  |h 571.6  |i L821a5  |p A0857.09  |t Ej.1